000 007590000a22002170004500
020 _a978-1-60255-375-0
082 0 4 _aG 808.0461 G6439hab
100 1 _aGonzález A., Sonia
245 1 0 _aHabilidades de comunicación hablada / Sonia González A.
260 _aNashville, Tennessee : Grupo Nelson, c2011.
300 _av. 2, 173 p.
440 0 _aCol. Mentoring para comunicadores inteligentes
501 _arústico
505 0 0 _aEl fondo: "Qué digo" -- La forma. El mensajero: "Cómo lo digo"
650 1 4 _aCOMUNICACION ORAL \ LENGUAJE Y LENGUAS \ COMUNICACION \ EXPRESION CORPORAL - COMUNICACION
001 18028
942 _cBK
999 _c44521
_d44521
336 _atexto
_btxt
_2rdacontent
337 _2rdamedia
_asin mediación
_bn
338 _2rdacarrier
_avolumen
_bnc